000 00433nam a22001457a 4500
005 20151208090226.0
008 151208b xxu||||| |||| 00| 0 eng d
040 _cPK-LaUMT
082 _aMSC 491.4395
_bMIR-Q
100 _aمیر بہادر علی حسینی
245 _aقواعد زبان اردو
_cمیر بہادر علی حسینی
260 _aلاہور
_bمجلس ترقی ادب
_c2008
300 _a106 ص
942 _cBK
999 _c80668
_d80668